Responses for Show #7234 - Thursday, February 11, 2016

2016 College Championship final game 1.

Contestants

[<< previous game]

Sam Deutsch, a junior at the University of Southern California from Bethesda, Maryland

Niki Peters, a sophomore at the University of California, Berkeley originally from Boise, Idaho

Sarah Dubnik, a senior at the University of Pittsburgh from Jamison, Pennsylvania

[next game >>]

Jeopardy! Round responses

ANCIENT HISTORY: 1986
TERM: PAPER
CELEBRITIES
THE NORTH PACIFIC
VIDEO GAME SLANG
I'LL NEED A TRANSLATOR
    $200 27
[The end-of-round signal sounds.]

loose-leaf

Sarah
    $200 21
[The audience "Oh"s audibly when Niki rings in ahead of Sam.]
(Alex: You got in ahead of Sam! He will never forgive you for that! Kanye is his idol!)

Kanye West

Niki
    $200 13
(Sam: What is Hawaii?)
(Alex: Be more specific.)

the Hawaiian Islands

Sam
    $200 1
a kimono

Sarah
    $400 9
Halley's Comet

Niki
    $400 20
bond

Sam
    $400 26
Lucy Liu

Sarah
    $400 14
Vancouver (Island)

Sarah
    $400 2
Alaska

Sam
    $600 6
Fox

Sam
    $600 10
ply

Niki
    $600 25
Chace Crawford

Triple Stumper
    $600 15
Guam

Sam
    $600 18
a non-player character

Sam
    $600 3
s'il vous plaƮt

Sarah
    $800 7
(Sam: What is Portugal?)

the Philippines

Sam
Triple Stumper
    $800 11
folio

Sam
    $800 23
Jesse Eisenberg

Sam
    $800 16
(Sarah: What is Puerto Vallarta?)

Ensenada

Sarah
Triple Stumper
    $800 19
(Niki: Who is Frodo?)

fellowship

SarahNiki
    $1,000 4
[Alex adds an extra "& on" to his reading of the clue.]
...
(Alex: I hope it made it sound like that, too.)

ad nauseam

Sarah
    $1000 8
Challenger

Sam
    $1000 12
onionskin

Triple Stumper
    $1000 22
(Alex: ...and we have less than a minute to go.)

Tatiana Maslany

Triple Stumper
    $1000 17
Bikini Atoll

Sam
    $1000 24
to Zerg rush

Triple Stumper
    $1000 5
a Zeitgeist

Sam

Scores at the first commercial break (after clue 15):

Sarah Niki Sam
$2,200 $1,000 $3,800

Scores at the end of the Jeopardy! Round:

Sarah Niki Sam
$2,800 $400 $6,600

Double Jeopardy! Round responses

DOCTORS WITHIN BORDERS
ONE-WORD FILM TITLES
COLLEGE-SET LITERATURE
MR. ROBOT
CLASSICAL MUSIC
THE "MID" SECTION
(Alex: "M-I-D" is gonna come up in each correct response.)
    $400 11
pain

Sarah
    $400 10
[Alex pronounces the word "Scottish" with a Scottish accent.]

Shrek

Sarah
    $400 6
Harvard

Sam
    $400 16
Bach

Sarah
    $400 28
middleweight

Niki
    $800 12
surgeon general

Sarah
    $800 8
Up

Niki
    $800 5
[Alex reads "prof" as "professor".]

(Vladimir) Nabokov

Sarah
    $800 29
[The end-of-round signal sounds.]

land mines

Niki
    $800 17
(Georges) Bizet

Sam
    $800 27
midwife

Sarah
    $1200 13
tuberculosis

Sarah
    $1200 3
Spotlight

Niki
    $1200 2
Fielding

Sam
    $1200 26
android

Niki
    $1200 18
"Clair de lune"

Sarah
    $1200 23
(Alex: Yes, less than a minute.)

Midgard

Niki
    $1600 14
(Alex: Well, it's up north, and it's called [*].)

the Northern Territory

Triple Stumper
    $1600 7
Twilight

Sarah
    $1600 1
Tom Wolfe

Triple Stumper
    $1600 25
ZhuZhu Pets

Triple Stumper
    $3,600 19
the 1812 Overture

Sarah
    $1600 22
the Mid-Atlantic Ridge

Niki
    $4,000 15
cholera

Sarah
    $2000 9
Gladiator

Sam
    $2000 4
The Secret History

Triple Stumper
    $2000 24
hitchhiking

Niki
    $2000 20
Peer Gynt

Niki
    $2000 21
Midlothian

Niki

Scores at the end of the Double Jeopardy! Round:

Sarah Niki Sam
$18,000 $13,600 $11,000

Final Jeopardy! Round responses

NAMES IN THE NEWS
(Alex: These three scores are gonna be added to tomorrow's totals to determine the champion, so congratulations. A great beginning. We'll see you all tomorrow for the final.)
SamWho is Edward Snowden
$11,000
NikiWho is Edward Snowden?
$5,000
SarahWho is Snowden?
$4,001
Edward Snowden

Final scores:

Sarah Niki Sam
$22,001 $18,600 $22,000

Game dynamics:

Coryat scores:

Sarah Niki Sam
$13,800 $13,600 $11,000
18 R
(including 3 DDs),
1 W
13 R,
1 W
15 R,
1 W

Combined Coryat: $38,400

[game clues] [game scores] [suggest correction]

Game tape date: 2016-01-06
The J! Archive is created by fans, for fans. Scraping, republication, monetization, and malicious use prohibited; this site may use cookies and collect identifying information. See terms. The Jeopardy! game show and all elements thereof, including but not limited to copyright and trademark thereto, are the property of Jeopardy Productions, Inc. and are protected under law. This website is not affiliated with, sponsored by, or operated by Jeopardy Productions, Inc. Join the discussion at JBoard.tv.